| 000 | 00685nam a2200217 a 4500 | ||
|---|---|---|---|
| 001 | BRL_275 | ||
| 005 | 20190320210651.0 | ||
| 008 | 751210s1933####au-a######---#000-0#ger-# | ||
| 041 | _ager | ||
| 044 | _aau | ||
| 050 | 4 |
_aND538.R3 _b.P65 1933 |
|
| 100 | 1 |
_aPollatschek, Stefan, _d1890- _923433 |
|
| 245 | 1 | 0 |
_aDer maler Rudolf Rapaport _bdas überwirkliche im porträt _ceine studie von Stefan Pollatschek. |
| 260 |
_a[Viena] _bWiener Buch- und Kunstverlag _c1933 |
||
| 300 |
_a64 p. _bil., 32 láminas _c19 cm. |
||
| 500 | _aEstado físico: presenta rasgadura en la página 19 | ||
| 500 | _aAu2296 | ||
| 600 | 1 | 4 |
_aRapaport, Rudolf _d1891-1984 _923434 |
| 902 | _aGRL | ||
| 942 |
_2lcc _cB |
||
| 999 |
_c9088 _d9088 |
||